00709cam a22002053a 45000010005000000030006000050050017000110080041000280400015000690420007000840500009000911000034001002450192001342600029003265060030003555160020003856530029004058300028004348560041004627131PGUSA20140828083141.0041201s2004||||xxu|||||s|||||000 | eng d aPGUSAbeng adc 4aE1511 aHawthorne, Julian,d1846-193414aThe History of the United States from 1492 to 1910, Volume 1 :bFrom Discovery of America October 12, 1492 to Battle of Lexington April 19, 1775h[electronic resource] /cJulian Hawthorne bProject Gutenberg,c2004 aPublic domain in the USA. aElectronic text aUnited States -- History 0aProject Gutenbergv713140uhttp://www.gutenberg.org/ebooks/7131